|
|
|
|
| LEADER |
00956nam a22002651 4500 |
| 001 |
c000142279 |
| 003 |
CARM |
| 005 |
00000000000000.0 |
| 008 |
711108s1965 nyub 00010 eng |
| 019 |
1 |
|
|a 651438
|5 LACONCORD2021
|
| 035 |
|
|
|a (OCoLC)382680
|5 LACONCORD2021
|
| 043 |
|
|
|a e-ur---
|
| 050 |
0 |
0 |
|a DK266
|b .S25
|
| 082 |
0 |
0 |
|a 914.7
|
| 100 |
1 |
|
|a Salisbury, Harrison E.
|q (Harrison Evans),
|d 1908-
|
| 245 |
0 |
0 |
|a Russia,
|c by Harrison E. Salisbury.
|
| 250 |
|
|
|a [1st ed.]
|
| 260 |
|
|
|a New York,
|b Atheneum,
|c 1965.
|
| 300 |
|
|
|a 144 p.
|b fold. map.
|c 21 cm.
|
| 490 |
0 |
|
|a A New York times byline book
|
| 500 |
|
|
|a Published in 1967 under title: The Soviet Union.
|
| 651 |
|
0 |
|a Soviet Union
|x Politics and government.
|
| 852 |
8 |
|
|b CARM
|h A2:AF15G0
|i A00427
|p 0061797
|f BK
|
| 999 |
f |
f |
|i f743c76d-4b20-5f27-a382-a8479ab2b62c
|s bd2399b1-61f5-5974-b8d6-30be572bec42
|
| 952 |
f |
f |
|p Can circulate
|a CAVAL
|b CAVAL
|c CAVAL
|d CARM 1 Store
|e A00427
|f A2:AF15G0
|h Other scheme
|i book
|m 0061797
|